000 00256nam a2200097Ia 4500
001 760630
005 20250826165152.0
008 250824s9999 xx 000 0 und d
245 0 _aTÜRKİYE TARİHİ KRONOLOJİSİ
_cTOLGA USLUBAŞ
260 _bPANAMA YAYINLARI
999 _c760630
_d760630